Country by City A-Z #2 (the least) - Statistics

General Stats
  • This quiz has been taken 19 times
    11 since last reset
  • The average score is 13 of 25
Answer Stats
Cities Countries % Correct
Asmara Eritrea
100%
Ibadan Nigeria
100%
Ostrava Czechia
90%
Kosice Slovakia
90%
Namur Belgium
80%
Banja Luka Bosnia and Herzegovina
80%
Mostar Bosnia and Herzegovina
80%
Ust-Kamenogorsk Kazakhstan
80%
Timisoara Romania
80%
Surat India
70%
Port Harcourt Nigeria
70%
Van Turkey
50%
Hrodna Belarus
40%
Laval Canada
40%
Cienfuegos Cuba
40%
Jos Nigeria
40%
Zamboanga City Philippines
40%
Wad Madani Sudan
30%
Goma Democratic Republic of the Congo
20%
Yazd Iran
20%
Ramadi Iraq
20%
Qamishli Syria
20%
Elazig Turkey
20%
Fergana Uzbekistan
20%
Dagupan Philippines
10%
No matching quizzes found
Score Distribution
Percent of People with Each Score
Percentile by Number Answered
Your Score History
You have not taken this quiz since the last reset